| 000 | 01142cam a2200229 4500 | ||
|---|---|---|---|
| 001 | WB3815-15 | ||
| 008 | 020422n2002 000 0 eng u | ||
| 035 | _a(Sirsi) u117630 | ||
| 245 | _aSubrogation | ||
| 260 | _c2002 | ||
| 490 |
_aEstates Gazette Case Summaries _v[2002] 16 EG (CS) (20/4/02) |
||
| 520 | _aCA 20 February 2002. "Halifax plc v Omar and another". The leasehold title to a flat in London, was registered in the name of a third party G. The alleged interests of the claimant (H) and the defendant (O) were derived from their innocent dealings, with a fraudulently operated company (U Ltd), which had used the services of a dishonest solicitor (T). The central issue on the appeal was whether the remedy of subrogation was available at the suit of an innocent lender agains an innocent thrid-party purchaser. "Held", the purchaser's appeal was dismissed. | ||
| 590 | _aWB | ||
| 650 | _aMORTGAGE FRAUD | ||
| 650 | _aSUBROGATION | ||
| 650 | _aINDEBTEDNESS | ||
| 650 | _aHALIFAX PLC V OMAR AND ANOTHER | ||
| 650 | _aEQUITABLE INTERESTS | ||
| 650 | _aUNREGISTERED DEALINGS | ||
| 690 | _aHOUSING-CASE LAW | ||
| 942 | _n0 | ||
| 999 |
_c70038 _d70038 |
||